Największe wyspy świata - Statystyki

Ogólne statystyki
  • Ten quiz został rozwiązany 9 razy
  • Średni wynik to 11 z 15
Statystyki odpowiedzi
Tysiące km2 Wyspa % Poprawnych
2130,8 Grenlandia
100%
587,7 Madagaskar
100%
209,3 Wielka Brytania
100%
748,2 Borneo
89%
225,8 Honsiu
89%
138,8 Jawa
89%
785,8 Nowa Gwinea
89%
180,7 Celebes
67%
110 Luzon
67%
443 Sumatra
67%
111,6 Wyspa Północna
56%
145,8 Wyspa Południowa
56%
507,5 Ziemia Baffina
56%
196,2 Wyspa Ellesmere’a
22%
217,3 Wyspa Wiktorii
22%
Nie znaleziono quizów pasujących do podanych kryteriów
Rozkład punktacji
Procent ludzi z każdym wynikiem
Percentyl według liczby udzielonych odpowiedzi
Twoja historia wyników
Nie rozwiązałeś tego quizu